| 000 | 01093naa a22002897a 4500 | ||
|---|---|---|---|
| 001 | BR8803369 | ||
| 003 | BR-BrBNA | ||
| 005 | 20240918180140.0 | ||
| 007 | ta | ||
| 008 | 230509b bl.||||| |||| 00| 0 por d | ||
| 040 |
_aBR-BrBNA _bpor _cBiblioteca Nacional de Agricultura |
||
| 041 | _a(Pt) | ||
| 072 | _aP34; H20 | ||
| 090 | _aP34 BR8803369 | ||
| 100 | 1 | _aZambolim, L. | |
| 111 | 1 |
_a1. Reuniao Brasileira sobre Micorrizas _cLavras, MG (Brazil) _d11-14 Nov 1985 |
|
| 245 | 1 | _aComo plantas micorrizadas comportam-se em relacao aos fitopatogenos | |
| 246 | 1 | _a[Reaction of mycorrhized plants with relation to diseases] | |
| 246 | 1 | _a[Annals of the 1st. Brazilian Reunion on Mycorrhizae] | |
| 260 | 3 |
_aLavras, MG (Brazl): _c1985. |
|
| 500 | _aAnais da 1. Reuniao Brasileira sobre Micorrizas Lavras, MG (Brazl): 1985. p. 76-99 (BR8803369-AM)P34 | ||
| 650 | _aMICORRIZA | ||
| 650 | _aDOENCA DE PLANTA | ||
| 773 | 0 |
_tAnais da 1. Reuniao Brasileira sobre Micorrizas _wP34 BR8803369 _gLavras, MG (Brazl), 1985. p. 76-99 |
|
| 909 |
_a202404 _bLucia _c55 _dLucia Elande |
||
| 942 |
_cAM _2AGRIS |
||
| 999 |
_c319304 _d319304 |
||